Predbežné opatrenie a občianske súdne konanie

Dva základné typy inštitútu predbežné konanie v občianskom súdnom konaní. Predbežné opatrenie mimoriadneho súdneho konania. Pokračovanie v ďalšom čísle HN.

Na minha lista:
Detalhes bibliográficos
Autor principal: Pospíšilová, Ingrid
Formato: Capítulo de Livro
Idioma:eslovaco
Assuntos:
Tags: Adicionar Tag
Sem tags, seja o primeiro a adicionar uma tag!

MARC

LEADER 00000naa a2200000 4500
001 r045888
005 20230925130141.9
041 0 |a slo 
044 |a SK 
245 1 0 |a Predbežné opatrenie a občianske súdne konanie  |c Ingrid Pospíšilová 
520 |a Dva základné typy inštitútu predbežné konanie v občianskom súdnom konaní. Predbežné opatrenie mimoriadneho súdneho konania. Pokračovanie v ďalšom čísle HN. 
610 2 0 |a konanie súdne občianske 
610 2 0 |a opatrenia 
610 2 0 |a súdy 
610 2 0 |a poplatky 
610 2 0 |a úpravy právne 
100 1 |a Pospíšilová, Ingrid